Представление документа в формате MARC21

ПолеНазваниеЗначение
  Тип записи a
  Библиографический уровень m
001 Контрольный номер BIBLIOCLUB\0000682096
005 Дата корректировки 20230117154122.5
006 m o d
007 Элементы данных для физической характеристики c|||||||||||||
008 Кодируемые данные s2019 rus o rus d
020 Индекс ISBN __
a ISBN 978-5-8149-2783-5
041 Код языка издания 0_
a Код языка текста rus
084 Индекс другой классификации/Индекс ББК __
a Индекс другой классификации/Индекс ББК 31.27я73
b Номер единицы LBC/PL
2 Источник индекса rubbk
245 Заглавие 10
a Заглавие Эксплуатация электроэнергетических систем
b Продолж. заглавия учебное пособие
c Ответственность М. Ю. Николаев, В. Н. Горюнов, Д. В. Коваленко, А. В. Дед, А. Я. Бигун
260 Выходные данные __
a Место издания Омск
b Издательство Омский государственный технический университет (ОмГТУ)
c Дата издания 2019
300 Физическое описание __
a Объем 190 с.
b Иллюстрации/ тип воспроизводства ил., табл., схем., граф.
504 Библиография __
a Библиография Библиогр. в кн
653 Ключевые слова 1_
a Ключевые слова Учебник для высшей школы
700 Другие авторы _1
a Другие авторы Бигун А. Я.
700 Другие авторы _1
a Другие авторы Горюнов В. Н.
700 Другие авторы _1
a Другие авторы Дед А. В.
700 Другие авторы _1
a Другие авторы Коваленко Д. В.
700 Другие авторы _1
a Другие авторы Николаев М. Ю.
856 Электронный адрес документа 40
3 Область применения данных поля Университетская библиотека ONLINE
u URL https://biblioclub.ru/index.php?page=book&id=682096
952 Тип литературы __
c Вид литературы учебное пособие